Представление документа в формате RUSMARC

ПолеНазваниеЗначение
  Тип записи a
  Библиографический уровень m
001 Контрольный номер RU/SLIB/B/208752324
005 Дата корректировки 20231130161924.0
010 Индекс ISBN __
d Цена 80000-00
101 Язык документа 0_
a Язык текста rus
200 Заглавие и сведения об ответственности 1_
a Заглавие Современное русское искусство
f Первые сведения об ответственности Глезер А. ; ред. А. Чепрасов ; пер. на фр. яз. А. Гарелли ; пер. на англ. яз.: Л. Хюллет, Р. Свирина
b Общее обозначение материала Текст
210 Выходные данные 1_
a Место издания М.
c Издательство Третья волна
d Дата издания 1993
215 Физическое описание __
a Объем 527 с.
c Иллюстрации/тип воспроизводства ил.
606 Тематические рубрики __
a Основная рубрика Изобразительное искусство и архитектура
606 Тематические рубрики __
a Основная рубрика История изобразительного искусства
610 Ключевые слова 0_
a Ключевые слова история искусства; шедевры; персоналии; произведения искусства; русское искусство; современное искусство
686 Индексы других классификаций __
a Классификационный индекс 85.103(2=411.2)6
700 Автор _1
a Фамилия Глезер
b Имя А.
4 Код отношения 070
4 Код отношения 070
702 Вторичная интеллектуальная ответственность _1
a Фамилия Чепрасов
b Имя А.
4 Код отношения Редактор
702 Вторичная интеллектуальная ответственность _1
a Фамилия Гарелла
b Имя А.
4 Код отношения Переводчик
702 Вторичная интеллектуальная ответственность _1
a Фамилия Хюллет
b Имя Л.
4 Код отношения Переводчик
702 Вторичная интеллектуальная ответственность _1
a Фамилия Свирин
b Имя Р.
4 Код отношения Переводчик
801 Источник записи _0
a Страна RU
b Организация Муниципальное бюджетное учреждение культуры "Централизованная библиотечная система" г. Сургут (Центральная городская библиотека им. А. С. Пушкина)
g Правила каталогизации КиК/Михайлова
801 Источник записи _1
a Страна RU
b Организация Муниципальное бюджетное учреждение культуры "Централизованная библиотечная система" г. Сургут (Центральная городская библиотека им. А. С. Пушкина)
g Правила каталогизации КиК/Михайлова
852 Данные о местонахождении __
j Шифр хранения 85.103(2=411.2)6
c Каталожный индекс 85.103(2)6
i Авторский знак Г 53
p Инвентарный номер 52390
901 Тип документа __
t Тип документа m
990 Данные о заказе (DOS) __
j Количество экземпляров (DOS) 2
t N записи в КСУ для И/У (DOS) 199501